00479nam a2200157Ia 4500001001000000003000500010008004100015010001100056040000900067100001700076245008200093260006200175300001500237440004100252650002800293Para_3564CHAP220125s1928 xx 000 0 und d a202088 cCHAP aWeber, G. F aDiseases lettuce, romaine, escarole and endive /c G. F. Weber, A. C. Foster aGainesville, Florida :b Agricultural Experiment Station ap. 304-333 aFlorida. Agri. Exp. Sta., Bull.; 195 aLechuga x Enfermedades